书目信息 |
| 题名: |
乳状液与乳化技术新应用
|
|
| 作者: | 焦学瞬 , 贺明波 主编 | |
| 分册: | ||
| 出版信息: | 北京 化学工业出版社 2006.01 |
|
| 页数: | 337页 | |
| 开本: | 26cm | |
| 丛书名: | ||
| 单 册: | ||
| 中图分类: | TQ427.2 | |
| 科图分类: | ||
| 主题词: | 半胶体物质 , 半胶体物质--生产 , 乳浊液--生产 | |
| 电子资源: | ||
| ISBN: | 7-5025-7766-1 | |
| 000 | 00824nam0 2200241 450 | |
| 001 | 0653895999 | |
| 005 | 20061010161243.53 | |
| 010 | @a7-5025-7766-1@dCNY 49.00 | |
| 100 | @a20060817d2006 km y0chiy0120 ea | |
| 101 | 0 | @achi |
| 102 | @aCN@b110000 | |
| 200 | 1 | @a乳状液与乳化技术新应用@Aru zhuang ye yu ru hua ji shu xin ying yong@e专用乳液化学品的制备及应用@f焦学瞬,贺明波主编@Fjiao xue shun,he ming bo zhu bian |
| 210 | @a北京@c化学工业出版社@d2006.01 | |
| 215 | @a337页@d26cm | |
| 517 | 1 | @a专用乳液化学品的制备及应用@Azhuan yong ru ye hua xue pin de zhi bei ji ying yong |
| 606 | 0 | @a半胶体物质 |
| 606 | 0 | @a半胶体物质@x生产 |
| 606 | 0 | @a乳浊液@x生产 |
| 690 | @aTQ427.2@v4 | |
| 701 | 0 | @a焦学瞬@Ajiao xue shun@4主编 |
| 701 | 0 | @a贺明波@Ahe ming bo@4主编 |
| 801 | @aCN@c20061010 | |
| 905 | @a10447@dTQ427.2@eJ671 | |
| 乳状液与乳化技术新应用:专用乳液化学品的制备及应用/焦学瞬,贺明波主编.-北京:化学工业出版社,2006.01 |
| 337页;26cm |
| ISBN 7-5025-7766-1:CNY 49.00 |
| ● |
| 相关链接 |
|
|
|
正题名:乳状液与乳化技术新应用
索取号:TQ427.2/J671
 
预约/预借
| 序号 | 登录号 | 条形码 | 馆藏地/架位号 | 状态 | 备注 |
| 1 | 608246 | 206082460 | 自科库501/501自科库 39排4列5层/ [索取号:TQ427.2/J671] | 在馆 | |
| 2 | 608247 | 206082479 | 自科库501/501自科库 39排4列5层/ [索取号:TQ427.2/J671] | 在馆 | |
| 3 | 608248 | 206082488 | 自科二线400A/400A自科库 26排3列2层/ [索取号:TQ427.2/J671] | 在馆 |